Inbetweeners First Movie Quiz - Statistics

General Stats
  • This quiz has been taken 592 times
    585 since last reset
  • The average score is 14 of 22
Answer Stats
Hint Answer % Correct
Who had just dumped Simon? Carli
93%
What is the name of their gang while on holiday? Pussy Patrol
87%
Who tries to swim to shore to see their love? Simon
86%
Which country are they in? Greece
85%
What does Will receive on the last day of term from Donovan? Wedgie
85%
What football club does the Greek boy recognise on Jay's shorts? Manchester United
83%
What does the hostel owner pull out of the well as they arrive? Dog
78%
What club name gets chanted on the bus to the hostel? Burnley
77%
How long do they go for? 2 Weeks
74%
Where do they go on holiday? Malia
68%
What is the fine for faeces on the floor? 50 Euros
67%
Who does Jay's dad think Neil's dad is? Vicar
65%
What does Jay fall asleep in on the first night? Ants Nest
64%
Jane
59%
Lucy
55%
Name the nutter they meet on the street Richard
53%
Name the 4 girls they meet in the bar Alison
40%
What was the profession of the lady Neil brought back to the hostel after their first night? Dinnerlady
35%
Name the unofficial rep that snorts poo during the boat party James
34%
What is the name of the performer at the 'decadent club' Fernando
32%
What is the name of the bar they are tricked into going in? Marco's
22%
Lisa
19%
No matching quizzes found
Score Distribution
Percent of People with Each Score
Percentile by Number Answered
Your Score History
You have not taken this quiz since the last reset